Gala 12 OT2023 - Estadísticas

Estadísticas generales
  • Esta prueba ha sido intentada 20 veces
  • La puntuación promedio es 6 de 10
Estadísticas de respuestas
Imagen Hint Respuesta % Correcto
Naiara Sobreviviré
95%
Ruslana Zombie
84%
Paul Thin Baby Hello
79%
Naiara Me muero
74%
Grupal Last Dance
68%
Martin Golden Hour
53%
Ruslana I Love Rock'N Roll
42%
Paul Thin Way Down We Go
42%
Lucas Pillowtalk
37%
Juanjo Without You
32%
No se encontraron pruebas coincidentes
Distribución de puntuación
Porcentaje de gente con cada puntuación
Porcentaje por número respondido
Historial de tus puntuaciones
No has intentado esta prueba.